00241nam a2200109Ia 4500008004100000100002300041245002000064260001500084300001000099942000700109999001500116190216s9999||||xx |||||||||||||| ||und|| aBhabatosh Banerjee 0aCost Accounting bNullc1977 a1659p cBK c5010d5010